00421nam a2200133 a 450000100100000000500170001000800410002704000250006808200160009310000320010924500640014126000620020530000200026700003270420200930065803.0110725s19-- dr 000 0 spa d aDO-SdBNPbspacBNPHU axxxxbL333o1 aLarrazábal Blanco, Carlos10aOrigen hispano-dominicano de algunas familias caraqueñas. aCaracas, Venezuela, :bImpreso en Italgráfica,c[19--]. a46 p. ;c24 cm.